[Event "AUTO-OPEN-3150"]
[Site "http://www.queenalice.com/game.php?id=1242662"]
[Date "2013.12.25"]
[Round "1"]
[White "danbotoy"]
[Black "Michihall"]
[Result "1-0"]
[WhiteElo "2518"]
[BlackElo "1857"]

1. d4 e6 2. e4 d5 3. exd5 exd5 4. Bd3 Nf6 5. Nf3 Be7 6. O-O O-O 7. Bf4 h6 8. h3
c5 9. dxc5 Bxc5 10. Nc3 Re8 11. Re1 Qb6 12. Rxe8+ Nxe8 13. Nxd5 Qc6 14. Ne5 Qe6
15. Qd2 Kf8 16. Re1 Qxd5 17. Ng6+ fxg6 18. Rxe8+ Kxe8 19. Bxg6+ Ke7 20. Qxd5 1-0

[Event "AUTO-OPEN-3150"]
[Site "http://www.queenalice.com/game.php?id=1242663"]
[Date "2013.12.25"]
[Round "1"]
[White "Michihall"]
[Black "danbotoy"]
[Result "0-1"]
[WhiteElo "1852"]
[BlackElo "2517"]

1. d4 e6 2. c4 Nf6 3. g3 c5 4. d5 exd5 5. cxd5 d6 6. Bg2 Be7 7. e4 Qa5+ 8. Qd2
Qa6 9. Ne2 Nbd7 10. O-O Ne5 11. Nbc3 O-O 12. Re1 Bg4 13. a3 Nfd7 14. h3 Bxh3 15.
Bxh3 Nf3+ 0-1

[Event "AUTO-ELITE-1342"]
[Site "http://www.queenalice.com/game.php?id=1286751"]
[Date "2014.6.7"]
[Round "1"]
[White "danbotoy"]
[Black "rheenz"]
[Result "1/2-1/2"]
[WhiteElo "2488"]
[BlackElo "2554"]

1. e4 Nf6 2. e5 Nd5 3. d4 d6 4. Nf3 g6 5. exd6 exd6 6. Nc3 Nxc3 7. bxc3 Nc6 8.
Bb5 Qe7+ 9. Be3 Bh6 10. O-O Bxe3 11. Re1 O-O 12. Rxe3 Qf6 13. Qd2 Ne7 14. Bd3
Nd5 1/2-1/2

[Event "AUTO-ELITE-1342"]
[Site "http://www.queenalice.com/game.php?id=1286752"]
[Date "2014.6.7"]
[Round "1"]
[White "rheenz"]
[Black "danbotoy"]
[Result "1-0"]
[WhiteElo "2553"]
[BlackElo "2512"]

1. d4 Nf6 2. c4 e6 3. Nf3 d5 4. Nc3 Nc6 5. Bg5 Be7 6. e3 O-O 7. Bd3 dxc4 8. Bxc4
b6 9. O-O h6 10. Bxf6 Bxf6 11. Qa4 Na5 12. Be2 Bb7 13. Rac1 Qe7 14. Nd2 Bc6 15.
Qc2 Rad8 16. Nce4 Bh4 17. Nf3 1-0

[Event "AUTO-ELITE-1342"]
[Site "http://www.queenalice.com/game.php?id=1286753"]
[Date "2014.6.7"]
[Round "1"]
[White "danbotoy"]
[Black "mmagari"]
[Result "1/2-1/2"]
[WhiteElo "2491"]
[BlackElo "2342"]

1. e4 g6 2. d4 Bg7 3. Nc3 c6 4. Nf3 d5 5. Bd3 dxe4 6. Nxe4 Nf6 7. Nxf6+ exf6 8.
O-O O-O 9. Re1 Be6 10. c4 Re8 11. Bf4 Nd7 12. Qd2 Nb6 13. b3 Qd7 14. h3 Rad8 15.
Re2 Nc8 16. Rae1 Ne7 17. Qe3 Qc8 18. Bb1 Qd7 19. a4 Qc8 20. Bg3 Qd7 21. Bd3 Qc8
22. Bh2 Qd7 23. Bc2 Qc8 24. Qc3 Qd7 25. Qa5 Ra8 26. Bf4 b6 27. Qa6 h5 28. Bh2 g5
29. Rd1 Bf5 30. Ne1 Bg6 31. Kf1 Nf5 32. c5 Rxe2 33. Qxe2 Re8 34. Qc4 g4 35. cxb6
axb6 36. d5 cxd5 37. Qxd5 Qc8 38. hxg4 hxg4 39. Bd3 g3 40. Bxg3 Nxg3+ 41. fxg3
Re5 42. Qc4 Rc5 43. Qa6 Qg4 44. Qa8+ Bf8 45. Qf3 Bh5 46. Qxg4+ Bxg4 47. Rd2 Rc3
48. Bc4 Kg7 49. Rd4 Be6 50. Bxe6 fxe6 51. Rd3 Rc1 52. Ke2 Rb1 1/2-1/2

[Event "AUTO-ELITE-1342"]
[Site "http://www.queenalice.com/game.php?id=1286754"]
[Date "2014.6.7"]
[Round "1"]
[White "mmagari"]
[Black "danbotoy"]
[Result "1/2-1/2"]
[WhiteElo "2336"]
[BlackElo "2487"]

1. d4 d5 2. Bg5 f6 3. Bh4 h5 4. f3 Nc6 5. e4 Nh6 6. Nc3 dxe4 7. d5 Nf5 8. dxc6
Qxd1+ 9. Rxd1 Nxh4 10. Nd5 Rb8 11. Nxc7+ Kf7 12. Rd8 e6 13. c3 bxc6 14. Na6 Ra8
15. Nc7 Ke7 16. Rxf8 Rxf8 17. Nxa8 Kd6 18. fxe4 Bb7 19. Kf2 Bxa8 20. Be2 c5 21.
Nf3 Nxf3 22. gxf3 Ke5 23. Ke3 g5 24. Rd1 Bc6 25. h4 Rg8 26. Rg1 Kd6 27. b3 Be8
28. Bc4 Bf7 29. Rd1+ Ke7 30. hxg5 fxg5 31. e5 h4 32. Bd3 Be8 33. Be4 a5 34. Kf2
g4 35. Rh1 g3+ 36. Kg2 Rh8 37. Rd1 Bb5 38. Rh1 Bd7 39. Rd1 Bb5 40. Rh1 Bd7 41.
Rd1 Be8 42. a3 Bd7 43. b4 a4 44. Kh3 cxb4 45. cxb4 Bb5 46. Rc1 Kd7 47. Kg2 Rb8
48. Rh1 Rh8 49. Rc1 1/2-1/2

[Event "AUTO-ELITE-1344"]
[Site "http://www.queenalice.com/game.php?id=1287429"]
[Date "2014.6.11"]
[Round "1"]
[White "danbotoy"]
[Black "pickles"]
[Result "1/2-1/2"]
[WhiteElo "2487"]
[BlackElo "2488"]

1. e4 e5 2. Nf3 Nc6 3. Bb5 a6 4. Bxc6 dxc6 5. O-O f6 6. Qe2 Bd6 7. Nc3 c5 8. b3
Be6 9. Bb2 Ne7 10. Nd1 Qd7 11. Ne3 O-O-O 12. d3 h5 13. a4 h4 14. h3 Ng6 15. Qd2
Nf4 16. Rfe1 Rh6 17. Kh1 Rg6 18. Rg1 Kb8 19. Rad1 Rh8 20. Nh2 Rh5 21. Rde1 Rh8
22. Ra1 Be7 23. a5 Rh5 24. Nf3 1/2-1/2

[Event "AUTO-ELITE-1344"]
[Site "http://www.queenalice.com/game.php?id=1287430"]
[Date "2014.6.11"]
[Round "1"]
[White "pickles"]
[Black "danbotoy"]
[Result "0-1"]
[WhiteElo "2508"]
[BlackElo "2489"]

1. e4 e5 2. Nf3 Nc6 3. Bb5 Nf6 4. O-O Bd6 5. Re1 O-O 6. d4 Re8 7. Bxc6 bxc6 8.
Bg5 Qe7 9. Nbd2 Qe6 10. c3 Rb8 11. Qa4 Nh5 12. Nc4 exd4 13. Nxd4 Qg6 14. Qxa7
Rb7 15. Qa5 Bf8 16. Bd2 c5 17. Nf3 d6 18. Qa4 Rd8 19. Qd1 Ra7 20. a4 Be7 21. b3
h6 22. a5 Bb7 23. Qb1 Qe6 24. Qc2 Nf6 25. e5 Ne4 26. exd6 cxd6 27. Bf4 Qf6 28.
Bg3 Nxc3 29. Rxe7 Bxf3 30. Ree1 Ne2+ 31. Kh1 Re7 32. Ne3 Nd4 33. Qc3 Rb8 34.
gxf3 Qxf3+ 35. Kg1 Qc6 36. Qb2 Nf3+ 37. Kf1 Nxe1 38. Rxe1 Rbe8 39. Kg1 d5 40.
Qd2 d4 41. Ng2 Qb5 42. Rb1 Re2 43. Qd1 Qxa5 44. Qd3 Rd2 45. Qc4 Rb2 46. Rc1 Qb4
47. Qxb4 cxb4 48. Nf4 Rxb3 49. Rd1 d3 50. Rxd3 Rxd3 51. Nxd3 b3 52. Bf4 Re2 53.
Bc1 Rc2 54. Ba3 g5 55. Kf1 Kh7 56. Ke1 Kg6 57. Kd1 Kf5 58. Bd6 Rc4 59. Ba3 Rh4
60. Kc1 h5 0-1

[Event "AUTO-ELITE-1344"]
[Site "http://www.queenalice.com/game.php?id=1287431"]
[Date "2014.6.11"]
[Round "1"]
[White "danbotoy"]
[Black "Donidon"]
[Result "1-0"]
[WhiteElo "2497"]
[BlackElo "2463"]

1. Nf3 Nf6 2. d4 d5 3. Nc3 e6 4. Bf4 c5 5. e3 Be7 6. Nb5 Na6 7. dxc5 Bxc5 8. Be2
O-O 9. O-O Bd7 10. a4 Nb4 11. c3 Nc6 12. h3 a6 13. Nbd4 Nxd4 14. exd4 Be7 15.
Bd3 Qb6 16. Qc2 h6 17. Rfe1 Rac8 18. Ne5 Bd6 19. b3 Bb4 20. Bd2 Be8 21. Re3 Bd6
22. Rae1 Kh8 23. Rg3 Rg8 24. Rf3 Qc7 25. Qc1 Nh7 26. Bb1 Qe7 27. c4 dxc4 28. Rc3
b5 29. axb5 axb5 30. bxc4 Bb4 31. Rc2 bxc4 32. Rxc4 Rxc4 33. Qxc4 Bxd2 34. Qd3
Nf6 35. Qxd2 Rf8 36. Rc1 Bb5 37. Qa5 Be8 38. Rc7 Qd6 39. Qc5 Qxc5 40. dxc5 Nd5
41. Ra7 f6 42. Nf3 Kg8 43. Ba2 Rf7 44. Ra8 Nc7 45. Rc8 Re7 46. Nd4 Kh7 47. c6 f5
48. Bc4 Kg6 49. Nb5 Bxc6 50. Rxc7 Bxb5 51. Rxe7 Bxc4 52. Rc7 Bd5 53. f4 Kf6 54.
h4 Bb3 55. Kf2 Bd1 56. Ke3 g5 57. Kd2 Bh5 58. g3 Bf3 59. Ke3 Bd1 60. hxg5+ hxg5
61. Kd4 gxf4 62. gxf4 Bf3 63. Rh7 Bd5 64. Rh3 Bg2 65. Rh6+ Kf7 66. Ke5 Bd5 67.
Rh7+ Ke8 68. Kf6 Bc4 69. Re7+ Kf8 70. Rc7 Bb5 71. Rc8+ Be8 72. Kxe6 1-0

[Event "AUTO-ELITE-1344"]
[Site "http://www.queenalice.com/game.php?id=1287432"]
[Date "2014.6.11"]
[Round "1"]
[White "Donidon"]
[Black "danbotoy"]
[Result "0-1"]
[WhiteElo "2447"]
[BlackElo "2484"]

1. e4 c5 2. Nf3 Nc6 3. d4 cxd4 4. Nxd4 e5 5. Nb5 d6 6. c4 Nf6 7. N1c3 a6 8. Na3
Be7 9. Bd3 O-O 10. O-O Bg4 11. f3 Be6 12. Be3 Nh5 13. Nc2 Bg5 14. Bf2 Nf4 15.
Nd5 Rc8 16. Bb6 Qd7 17. b3 a5 18. Na3 Ra8 19. Bf2 Rad8 20. Kh1 h5 21. Nb5 h4 22.
Bb1 Bxd5 23. exd5 Nb4 24. Nc3 Na6 25. Bb6 Ra8 26. Qd2 Bd8 27. Be3 f5 28. Bxf4
exf4 29. Qxf4 Bf6 30. Qd2 g6 31. Bc2 Qg7 32. Rad1 Bxc3 33. Qf4 Qf6 34. Bb1 Rae8
35. Rf2 Bd4 36. Rff1 Be3 0-1

[Event "Challenge"]
[Site "http://www.queenalice.com/game.php?id=1365452"]
[Date "2015.6.14"]
[Round "-"]
[White "danbotoy"]
[Black "acvdsantiago"]
[Result "1-0"]
[WhiteElo "2448"]
[BlackElo "1550"]

1. a4 e5 2. e4 Nf6 3. Nf3 d5 4. exd5 e4 5. Ne5 Qxd5 6. d4 exd3 7. Nxd3 Bg4 8. f3
Bd7 9. Nc3 Qe6+ 10. Qe2 Nc6 11. Qxe6+ Bxe6 12. Be3 O-O-O 13. O-O-O Bc4 14. Re1
Be7 15. Bxa7 b6 16. Ne5 Nxe5 17. Bxc4 Nxc4 18. Rxe7 Rhf8 19. Nb5 Nd5 20. Re4 Na5
21. c4 Nb4 22. Re7 Nb3+ 23. Kb1 Rd7 24. Rxd7 Kxd7 25. Re1 Rc8 26. f4 h6 27. g3
Rf8 28. g4 Ra8 29. h4 Nd2+ 30. Kc1 Nb3+ 31. Kb1 Rc8 32. h5 Ra8 33. g5 Nd2+ 34.
Kc1 Nb3+ 35. Kb1 Rh8 36. Rd1+ Kc6 37. g6 fxg6 38. hxg6 Rf8 39. Nd4+ Nxd4 40.
Rxd4 Ra8 41. f5 Rxa7 42. f6 Ra8 43. f7 Na6 44. Rf4 Rf8 45. Re4 Nc5 46. Re8 Nd7
47. b4 h5 48. Re6+ Kb7 49. Re7 Nf6 50. c5 bxc5 51. bxc5 Rb8 52. Kc2 Ka7 53.
Rxc7+ Ka8 54. Re7 Rc8 55. Re6 Nd7 56. Re8 Kb7 57. Kb2 Kc7 58. a5 Kb7 59. a6+ 1-0